LEADER 00725nam a2200181 i 4500 001 000000007650 003 CaOOAMICUS 005 20200116143751.0 008 180830s1991 it u000 u ita u 040 $aSeMil$bita 245 12$aI medievalisti. 264 1$aMilano :$bJaca Book,$c1991. 300 $av. ;$c23 cm. 774 0 $aShook, Laurence K. <1909->$tÉtienne Gilson.$kBiblioteca di cultura medievale $kDi fronte e attraverso$z88-16-40290-3$g1$w()54149 830 0$aBiblioteca di cultura medievale .$0(OLS)http://semarc/title/530 996 $6245$aI medievalisti$9(OLS)http://semarc/title/401054 996 $6264$aMilano :$bJaca Book$9(OLS)http://semarc/publisher/29781 LEADER 01014nam a2200253 i 4500 001 000000074668 003 CaOOAMICUS 005 20110215000000.0 008 110215s1982 xx u000 u lat u 013 $a45840 020 $a2-8271-0234-X 040 $aSeMil$bita 245 10$aA-D. 300 $a562 p. 490 0 $aSpicilegii Friburgensis Subsidia ;$vVol.11 650 4$aSacramentari - Concordanze.$0(OLS)http://semarc/subject/15243 773 0 $aDeshusses, Jean $tConcordances et tableaux pour l'étude des grands sacramentaires.$dFribourg (Suisse) : Éditions Universitaires, 1982-1983.$gTome3$w()643 773 0 $tConcordance verbale.$g1$w()24303 830 0$aSpicilegii Friburgensis Subsidia ;$vVol.11.$0(OLS)http://semarc/title/632 850 $aSeMil 852 $aSeMil$W1$xVenegono$y1$m3K V 311$j40820$B40820$CSeMilBibl$Z2$F40824 $81 961 $aAcquisto: Casa editrice 996 $6020$a2-8271-0234-X$9(OLS)http://semarc/number/54913 996 $6245$aA-D$9(OLS)http://semarc/title/77032